000 00492nam a2200169 a 4500
005 20140412111330.0
008 030207s19uu xx 00 eng d
020 _a0-307-11888-6
050 _aER
_bFo68 1984
100 _aRelf, Patricia
245 _aFollow the zookeeper /
_cby Patricia Relf ; illustrated by Carolyn Bracken.
260 _aNew York :
_bA Golden Book,
_c1984.
300 _a1 v. (unp.) ; ill.
650 _aZoo--Fiction
650 _aZookeeper--Fiction
999 _c104903
_d104903